01141cam a2200241 i 450000500170000000800410001702000180005802000180007603500210009404000500011504100080016510000190017324500740019226000660026630000390033249000610037150502920043265000450072465000350076965000490080465000200085365000260087320171201121426.0171201s2017 xxua rb 001 0 eng d a9780472073573 a9780472053575 a(OCoLC)969202267 aCO-BoUCMbspacSandra PalaciodSandra Palacio0 aeng1 aWallach, Kerry10aPassing illusionsbJewish visibility in Weimar GermanycKerry Wallach aMichigan (Estados Unidos)bUniversity of Michigan Pressc2017 aviii, 276 páginasbfotografías0 aSocial history, popular culture, and politics in Germany0 aPassing, covering, revealing -- Methods of projecting and detecting Jewishness -- Coming out as Jewish: print, stage, and screen displays -- Hostile outings: when being seen was undesirable -- Mistaken identifications and nonrecognitions -- German-Jewish passing in comparative contexts.17aJudíos zAlemaniaxHistoriay1918-193327aJudíos zAlemaniaxIdentidad27aAntisemitismo zAlemaniaxHistoriaySiglo XX27aCivilización 27aRelaciones étnicas